| 000 | 00367pab a2200145 454500 | ||
|---|---|---|---|
| 008 | 180718b1990 xxu||||| |||| 00| 0 eng d | ||
| 100 | _aDharmalingam, A. | ||
| 245 | _aFertility and mortality in colonial India | ||
| 260 | _c1990 | ||
| 300 | _a2868 | ||
| 362 | _a29 Dec. | ||
| 650 | _aPopulation - India | ||
| 773 | _aEconomic and Political Weekly | ||
| 909 | _a15636 | ||
| 999 |
_c15636 _d15636 |
||